000 00306nam a22001337a 4500
008 170606b xxu||||| |||| 00| 0 eng d
020 _a9780872899247
041 _aeng
080 _a327
100 _a18
101 _aSHP
245 _aPERSPECTIVES ON INTERNATIONAL RELATIONS
_cNAY,H.R
942 _2udc
_cBK
999 _c16179
_d16179